000 00692nam a2200289Ia 4500
005 20260324140543.0
008 008 260324s9999 xx 000 0 eng d
020 _a9781351072229
037 _aEBOOK
040 _aCRL
040 _beng
040 _cCRL
041 _2eng
041 _aeng
084 _qCRL
100 _aMark Tarnopolsky
_91204842
245 0 _aGender Differences in Metabolism
245 0 _bPractical and Nutritional Implications
260 _bTaylor and Francis
260 _c1998
365 _a
365 _b270
856 _uhttp://www.taylorfrancis.com/books/9781351072229
942 _cEBOOK
999 _c1807035
_d1807035